南アメリカの国々 - Statistics

General Stats
  • This quiz has been taken 609 times
  • The average score is 11 of 12
Answers on the Map
Answers color-coded by a green-red scale on the quiz's map according to % correct below.
 
Answer Stats
% Correct
ブラジル
100%
チリ
100%
アルゼンチン
98%
ペルー
96%
コロンビア
91%
ウルグアイ
91%
エクアドル
87%
ボリビア
86%
パラグアイ
85%
ベネズエラ
81%
ガイアナ
69%
スリナム
69%
No matching quizzes found
Score Distribution
Percent of People with Each Score
Percentile by Number Answered
Your Score History
You have not taken this quiz